000 00600nam a22001457a 4500
020 _a978-81-7599-359-4
082 _a823
_bWOO/L
100 _aWOOLF, VIRGINIA
245 _aTO THE LIGHTHOUSE
260 _aDELHI
_bFINGER PRINT CLASSICS
_c2018
300 _a220
520 _aRamsay's seemingly trivial postponement of a visit to a nearby lighthouse, Virginia Woolf examines tensions and allegiances and shows that the small joys and quiet tragedies of everyday life could go on forever. The novel recalls childhood emotions and highlights adult relationships.
650 _aNOVEL
_zINDIA
942 _cBK
999 _c5001
_d5001